000 00890nam a2200253Ia 4500
003 OSt
005 20221005113106.0
006 a|||||r|||| 00| 0
007 ta
008 221004b |||||||| |||| 00| 0 pan d
020 _a8185776256X (hbk)
_c350
024 _a5445
037 _b696, 14/06/2013, H.K. Prakashan
_cTextual
040 _aCRL
_cCRL
_bpan
041 _2pan
_apan
082 _aY:351wN24, 153P7
100 _aਸੁਖਦੀਪ ਕੌਰ
245 0 _aਲੋਕਧਾਰਾ ਦਾ ਵਗਦਾ ਦਹਿਆ
_b ਵਣਜਾਰਾ ਬੇਦੀ
260 _aਦਿੱਲੀ
_bਮਨਪ੍ਰੀਤ ਪ੍ਰਕਾFਨ ਭਾਰਤ
_c2007
300 _a263ਪੰ
_ccm.
650 _aਸਮਾਜ Fਾਸਤਰ
942 _hY:351wN24, 153P7
_cTEXL
_2cc
999 _c1027022
_d1027022